000
00263nam a2200109Ia 4500
008
190216s9999||||xx |||||||||||||| ||und||
100
_a
Hiralal Badodya
245
0
_a
Hindi-Nirala Sahitya Ka Anusilan
260
_b
Sahitya Samsthan
650
_a
Hindi
942
_c
BK
999
_c
15431
_d
15431